Horizontal inequalities and conflict : understanding group violence in multiethnic societies (Record no. 206526)

MARC details
000 -LEADER
fixed length control field 00852nam a2200253Ia 4500
008 - FIXED-LENGTH DATA ELEMENTS--GENERAL INFORMATION
fixed length control field 191130s2008##################000#0#eng##
020 ## - INTERNATIONAL STANDARD BOOK NUMBER
ISBN 9780230516809
082 ## - DEWEY DECIMAL CLASSIFICATION NUMBER
Classification number 305.8001 STE
245 ## - TITLE STATEMENT
Title Horizontal inequalities and conflict : understanding group violence in multiethnic societies
Statement of responsibility, etc edited by Frances Stewart ; foreword by Kofi Annan
260 ## - PUBLICATION, DISTRIBUTION, ETC. (IMPRINT)
Place of publication Basingstoke, Hampshire
Name of publisher Palgrave Macmillan
Year of publication 2008
300 ## - PHYSICAL DESCRIPTION
Number of Pages xxi, 364 p. : ill. ; 23 cm
500 ## - GENERAL NOTE
General note Includes bibliographical references (p. 326-349) and indexes
650 ## - SUBJECT ADDED ENTRY--TOPICAL TERM
Topical Term Ethnic conflict
Topical Term Group identity
Topical Term Intergroup relations
Topical Term Social conflict
Topical Term Violence
700 ## - ADDED ENTRY--PERSONAL NAME
Personal name Stewart, Frances
991 ## -
-- 177449
Holdings
Withdrawn status Lost status Damaged status Not for loan Home library Current library Shelving location Date acquired Full call number Accession Number Price effective from Koha item type
        Anna Centenary Library Anna Centenary Library 3RD FLOOR, B WING 13.10.2020 305.8001 STE 322749 13.10.2020 English Books

Find us on the map